Conceitos fundamentais da geometria /
Guardado en:
| Autor Principal: | |
|---|---|
| Formato: | Libro |
| Idioma: | Portuguese |
| Publicado: |
[Bahía Blanca :
Instituto de Matemática, Universidad Nacional del Sur],
1962.
|
| Series: | Monografías de matemática
|
| Etiquetas: |
Agregar Etiqueta
Sin Etiquetas, Sea el primero en etiquetar este registro!
|
| LEADER | 00620nam a22001695a 4500 | ||
|---|---|---|---|
| 001 | MAT.inmabb001196 | ||
| 008 | 031120s1962####ag############000#0#por#d | ||
| 005 | 20170811163513.0 | ||
| 245 | 1 | 0 | |a Conceitos fundamentais da geometria / |c Maria Laura Mousinho Leite Lopes. |
| 260 | |a [Bahía Blanca : |b Instituto de Matemática, Universidad Nacional del Sur], |c 1962. | ||
| 300 | |a 120 p. ; |c 23 cm. | ||
| 440 | 0 | |a Monografías de matemática | |
| 510 | 4 | |a MR, |c 28 #2470 | |
| 100 | 1 | |a Lopes, Maria Laura Mousinho Leite. | |
| 084 | |a 51-XX |2 msc2000 | ||
| 859 | |h 51 |i L864 |p A-1317 |b BIB. MATEMATICA | ||
| 859 | |h 51 |i L864 |p A-1318 |t Ej. 2 |b BIB. MATEMATICA | ||
